000
00207nam a22000857a 4500
001
1235328
005
20250930124205.0
245
_a
SESSİZ YÜREK
_c
NECATİ GÜNGOR
260
_b
GÜNIŞIĞI KİTAPLIĞI YAYINLARI
999
_c
1235328
_d
1235328